000 00610nam a2200181Ia 4500
008 090123s9999 xx 000 0 und d
082 _b29831
_a891.463/पांढरी
100 _aपांढरीपांडे विजय
245 _aपंत्रांजली
250 _a1
260 _bदिलिपराज प्रकाशन
300 _a180
600 _aपांढरीपांडे विजय
630 _aपंत्रांजली
700 _aपांढरीपांडे विजय
730 _aपंत्रांजली
942 _cBOOK
999 _c68756
_d68756